[Event "Online Olym Top DivA 2021"]
[Site "chess.com INT"]
[Date "2021.09.08"]
[Round "1.4"]
[Board "3"]
[White "Ryjanova, Julia"]
[Black "Ju, Wenjun"]
[Result "0-1"]
[WhiteTitle "WGM"]
[BlackTitle "GM"]
[WhiteElo "2296"]
[BlackElo "2560"]
[WhiteTeam "Australia"]
[BlackTeam "China"]
[WhiteFideId "4127714"]
[BlackFideId "8603006"]
[EventDate "2021.09.08"]
[EventType "team"]

1. d4 Nf6 2. c4 e6 3. Nc3 Bb4 4. e3 O-O 5. Nf3 d5 6. Bd2 b6 7. cxd5 exd5 8. Bd3
Bb7 9. O-O Bd6 10. Ne5 c5 11. Rc1 Nc6 12. Nxc6 Bxc6 13. dxc5 bxc5 14. Nb5 Bxh2+
15. Kxh2 Bxb5 16. Bxb5 Qb8+ 17. g3 Qxb5 18. Bc3 d4 19. exd4 Rfd8 20. Qf3 c4 21.
Rfe1 Qg5 22. Kg2 h5 23. Rcd1 Rd5 24. Re5 Qg4 25. Rxd5 Qxf3+ 26. Kxf3 Nxd5 27.
Re1 Rd8 28. Re5 g6 29. Ke2 Kf8 30. Kd2 Rd6 31. Kc2 f6 32. Re1 Kf7 33. Re2 g5 34.
Re1 Re6 35. Rxe6 Kxe6 36. Kd2 Kf5 37. f3 Ke6 38. Ke2 Ne7 39. Ke3 Kd5 40. g4 h4
41. Be1 Ng6 42. Bc3 Nf4 43. Kf2 a6 44. a3 Ke6 45. Kg1 Kd6 46. Kf2 Kd5 47. Kg1
Ne2+ 48. Kf2 Nxd4 49. Kg2 Ke5 50. Kf2 Kd5 51. Kg2 f5 52. Kf2 fxg4 53. fxg4 Ke4
54. Bd2 Ne6 55. Kg2 Kd3 56. Bc3 Ke3 57. Kh3 Kf3 58. Bd2 Nf4+ 59. Kh2 Kxg4 60.
Be3 Kf3 61. Bd4 g4 62. Bb6 g3+ 63. Kg1 h3 64. Kh1 Nd3 65. Bd4 Nf2+ 0-1

[Event "Online Olym Top DivA 2021"]
[Site "chess.com INT"]
[Date "2021.09.08"]
[Round "1.4"]
[Board "4"]
[White "Lei, Tingjie"]
[Black "Phan, Nguyen Mai Chi"]
[Result "1-0"]
[WhiteTitle "GM"]
[BlackTitle "WFM"]
[WhiteElo "2505"]
[BlackElo "2139"]
[WhiteTeam "China"]
[BlackTeam "Australia"]
[WhiteFideId "8605114"]
[BlackFideId "12401684"]
[EventDate "2021.09.08"]
[EventType "team"]

1. e4 c5 2. Nf3 d6 3. d4 cxd4 4. Nxd4 Nf6 5. Nc3 a6 6. Be3 e5 7. Nb3 Be7 8. f3
Be6 9. Qd2 Nbd7 10. g4 b5 11. a4 b4 12. Nd5 Bxd5 13. exd5 O-O 14. O-O-O Nb6 15.
Bxb6 Qxb6 16. h4 Rfc8 17. Bd3 Rc7 18. h5 Nd7 19. g5 Nc5 20. Nxc5 Qxc5 21. Kb1
Qd4 22. Qg2 Qf4 23. g6 fxg6 24. hxg6 h6 25. Be4 Bg5 26. Qh3 Qf6 27. Rd3 a5 28.
Bf5 Kf8 29. Re1 Bf4 30. Be4 Rc5 31. Bf5 Ra7 32. Re2 Rac7 33. Bd7 Qxg6 34. Rg2
Qf6 35. Bc6 Bg5 36. Qh5 Qf7 37. Qg4 Ke7 38. Rd1 Kd8 39. Re2 Re7 40. Qh3 Kc7 41.
Rd3 Qf4 42. Qf1 e4 43. Rde3 Rf7 44. Re1 Kb6 45. Rxe4 Qxf3 46. Qxf3 Rxf3 47. Re8
Kc7 48. Rg8 Bf6 49. Ra8 Rxc6 50. dxc6 Rf5 51. Ra6 Rc5 52. Re8 Rxc6 53. Rxa5 Kd7
54. Rh8 Rb6 55. Ra7+ Ke6 56. a5 Rb5 57. a6 Bd4 58. Re8+ Kd5 59. Rb7 Ra5 60. Rxb4
Rxa6 61. c3 Bc5 62. Rb7 Kc4 63. Rxg7 Rb6 64. Kc2 Ra6 65. Rg6 h5 66. Rh6 Ra1 67.
Rxh5 Rg1 68. b3+ Kb5 69. b4 Rg2+ 70. Kb3 Rg3 71. Rc8 Rf3 72. bxc5 dxc5 73.
Rcxc5+ Kb6 74. Rcg5 Rf6 75. Kb4 Kc6 76. c4 Re6 77. Rh7 Rf6 78. Ra5 Kd6 79. Ra6+
Ke5 80. Re7+ 1-0

[Event "Online Olym Top DivA 2021"]
[Site "chess.com INT"]
[Date "2021.09.08"]
[Round "1.4"]
[Board "5"]
[White "Winkelman, Albert"]
[Black "Xu, Zhihang"]
[Result "0-1"]
[WhiteTitle "FM"]
[BlackTitle "IM"]
[WhiteElo "2257"]
[BlackElo "2515"]
[WhiteTeam "Australia"]
[BlackTeam "China"]
[WhiteFideId "3219941"]
[BlackFideId "8611572"]
[EventDate "2021.09.08"]
[EventType "team"]

1. e4 e5 2. Nf3 Nc6 3. Bb5 a6 4. Ba4 g6 5. O-O Bg7 6. c3 d6 7. Re1 Bd7 8. d4 b5
9. Bb3 Nf6 10. Nbd2 O-O 11. a4 Rb8 12. axb5 axb5 13. h3 h6 14. Nf1 Nh5 15. Be3
Re8 16. d5 Ne7 17. Qd2 Kh7 18. g4 Nf6 19. Ng3 Nc8 20. Kg2 Nb6 21. g5 Ng8 22. Rg1
Qc8 23. Kh2 h5 24. Nxh5 Bxh3 25. Rg3 Bg4 26. Nxg7 Kxg7 27. Kg2 Ne7 28. Rh1 Bxf3+
29. Kxf3 Rh8 30. Rxh8 Qxh8 31. Kg2 Qh4 32. Qd3 Rh8 33. Kf1 Ra8 34. Bxb6 cxb6 35.
Qf3 Ra1+ 36. Ke2 Rb1 37. Kd2 Rxb2+ 38. Bc2 Ng8 39. Kc1 Ra2 40. Kb1 Ra3 41. Kb2
b4 42. Bb3 Ra8 43. cxb4 Rc8 44. Rg1 b5 45. Rg4 Qh2 46. Rg3 f6 47. gxf6+ Nxf6 48.
Rxg6+ Kxg6 49. Qf5+ Kg7 50. Qxc8 Qxf2+ 51. Ka3 Qa7+ 52. Kb2 Qd4+ 53. Ka2 Qxb4
54. Qd8 Qc5 55. Qe7+ Kg6 56. Qe6 b4 57. Qf5+ Kf7 58. Qe6+ Kg7 59. Qf5 Qa7+ 60.
Kb1 Qe3 61. Ba4 Qxe4+ 62. Qxe4 Nxe4 63. Bc2 Nc5 0-1

[Event "Online Olym Top DivA 2021"]
[Site "chess.com INT"]
[Date "2021.09.08"]
[Round "1.4"]
[Board "6"]
[White "Ning, Kaiyu"]
[Black "Middleton, Jody"]
[Result "1-0"]
[WhiteTitle "WIM"]
[WhiteElo "2372"]
[BlackElo "1850"]
[WhiteTeam "China"]
[BlackTeam "Australia"]
[WhiteFideId "8614750"]
[BlackFideId "3215660"]
[EventDate "2021.09.08"]
[EventType "team"]

1. d4 d5 2. c4 c6 3. Nf3 Nf6 4. e3 Bg4 5. h3 Bh5 6. g4 Bg6 7. Ne5 Nbd7 8. Nc3 e6
9. h4 dxc4 10. Nxg6 hxg6 11. Bxc4 Nb6 12. Be2 Nfd5 13. g5 Be7 14. Bf3 Qc7 15.
Qb3 Nb4 16. a3 Nd3+ 17. Ke2 Nxc1+ 18. Raxc1 O-O-O 19. Nb5 Qb8 20. a4 Nd5 21. a5
a6 22. Nc3 Qd6 23. Nxd5 exd5 24. Qb6 Kb8 25. Rc3 Qc7 26. Qb3 Rd6 27. Rhc1 Qd7
28. Rh1 f5 29. Kd2 Qc7 30. Qa4 Qd7 31. Kc2 Re6 32. Kb1 Ka7 33. Rb3 Rb8 34. Rc1
Qd6 35. Ka1 Bd8 36. Rc5 f4 37. Qb4 fxe3 38. fxe3 Qg3 39. e4 dxe4 40. Be2 Qxh4
41. d5 cxd5 42. Rc8 Bxa5 43. Qd4+ b6 44. Rc7+ Rb7 45. Rxb7+ Kxb7 46. Qxd5+ Rc6
47. Bxa6+ Kc7 48. Qf7+ Kd6 49. Qxg6+ Kc7 50. Qxg7+ Kd6 51. Qf6+ Kc7 52. Qe7+ Kb8
53. Qb7# 1-0

[Event "Online Olym Top DivA 2021"]
[Site "chess.com INT"]
[Date "2021.09.08"]
[Round "1.5"]
[Board "1"]
[White "Batchuluun, Tsegmed"]
[Black "Megaranto, Susanto"]
[Result "1/2-1/2"]
[WhiteTitle "GM"]
[BlackTitle "GM"]
[WhiteElo "2536"]
[BlackElo "2548"]
[WhiteTeam "Mongolia"]
[BlackTeam "Indonesia"]
[WhiteFideId "4900847"]
[BlackFideId "7101384"]
[EventDate "2021.09.08"]
[EventType "team"]

1. d4 Nf6 2. c4 c6 3. Nc3 d5 4. cxd5 cxd5 5. Bf4 Nc6 6. e3 a6 7. Bd3 Bg4 8. Nge2
e6 9. Rc1 Bd6 10. f3 Bh5 11. O-O O-O 12. Na4 Bg6 13. Bxg6 hxg6 14. Bxd6 Qxd6 15.
Nc5 b6 16. Nd3 Rfc8 17. Qd2 Nd7 18. Rc2 Ne7 19. Rfc1 Rxc2 20. Rxc2 Rc8 21. Rxc8+
Nxc8 22. Qc2 Ne7 23. Qa4 a5 24. Nc3 Qc6 25. Qxc6 Nxc6 26. Nb5 Kf8 27. Kf2 Ke7
28. e4 e5 29. Nxe5 Ncxe5 30. dxe5 dxe4 31. f4 f6 32. Ke3 Nc5 33. Nd6 fxe5 34.
fxe5 Ke6 35. Nxe4 Nd7 36. Kf4 Nxe5 37. b3 Nd3+ 38. Kg5 Ne1 39. Kxg6 Nxg2 40.
Kxg7 Ke5 41. Nd2 b5 42. a4 bxa4 43. bxa4 Kd4 44. Nb3+ Kc4 45. Nxa5+ Kb4 46. Nc6+
Kxa4 47. Kf6 Kb5 48. Ne5 Kc5 49. Ng6 Kd6 50. Kf5 Kd7 51. Nf4 Nxf4 52. Kxf4 Ke6
53. h4 Kf6 54. Kg4 Kg7 55. h5 Kh8 56. Kg5 Kg8 57. Kg6 Kh8 58. h6 Kg8 59. h7+ Kh8
60. Kh6 1/2-1/2

[Event "Online Olym Top DivA 2021"]
[Site "chess.com INT"]
[Date "2021.09.08"]
[Round "1.5"]
[Board "2"]
[White "Priasmoro, Novendra"]
[Black "Nasanjargal, Urtnasan"]
[Result "1/2-1/2"]
[WhiteTitle "GM"]
[BlackTitle "GM"]
[WhiteElo "2502"]
[BlackElo "2460"]
[WhiteTeam "Indonesia"]
[BlackTeam "Mongolia"]
[WhiteFideId "7105029"]
[BlackFideId "4900774"]
[EventDate "2021.09.08"]
[EventType "team"]

1. e4 c5 2. Nf3 d6 3. d4 cxd4 4. Nxd4 Nf6 5. Nc3 Bd7 6. Bg5 Nc6 7. Qd2 a6 8.
O-O-O e6 9. f4 h6 10. Bxf6 Qxf6 11. Nb3 Qd8 12. Qe3 Be7 13. Be2 Qc7 14. Kb1
O-O-O 15. Bf3 Kb8 16. Rd2 Na5 17. Nxa5 Qxa5 18. Rhd1 Rc8 19. e5 d5 20. Nxd5 Bc5
21. Qc3 Qb5 22. a4 Qxa4 23. Qxc5 Rxc5 24. Nb6 Rc7 25. Nxa4 Bxa4 26. b3 Bc6 27.
Bxc6 Rxc6 28. Rd7 Rc7 29. c4 Kc8 30. R7d6 g5 31. g3 Rg8 32. Rf1 gxf4 33. Rxf4
Rg5 34. Rfd4 Kb8 35. Rd8+ Ka7 36. R8d7 Rxd7 37. Rxd7 Rxe5 38. Rxf7 Re1+ 39. Kc2
Re2+ 40. Kd3 Rxh2 41. c5 Kb8 42. Rf6 Rh3 43. Rxe6 Rxg3+ 44. Kc4 Rg4+ 45. Kc3 h5
46. Rh6 h4 47. Rh7 a5 48. Kd3 Rg3+ 49. Kc4 h3 50. Kb5 Rxb3+ 51. Kxa5 Rc3 52. Kb4
Rg3 53. Kb5 Ka8 54. Kb6 Rb3+ 55. Ka5 Kb8 56. Ka4 Rg3 57. Kb5 Kc8 58. Kc4 Rf3 59.
Kb4 Kb8 60. Kc4 Kc8 61. Kb4 Rg3 62. Kc4 Rf3 1/2-1/2

[Event "Online Olym Top DivA 2021"]
[Site "chess.com INT"]
[Date "2021.09.08"]
[Round "1.5"]
[Board "3"]
[White "Munguntuul, Batkhuyag"]
[Black "Sukandar, Irine Kharisma"]
[Result "0-1"]
[WhiteTitle "IM"]
[BlackTitle "IM"]
[WhiteElo "2433"]
[BlackElo "2406"]
[WhiteTeam "Mongolia"]
[BlackTeam "Indonesia"]
[WhiteFideId "4900758"]
[BlackFideId "7101937"]
[EventDate "2021.09.08"]
[EventType "team"]

1. e4 e5 2. Nf3 Nc6 3. Bb5 a6 4. Ba4 Nf6 5. d3 Bc5 6. Nc3 d6 7. Nd5 Nxd5 8. exd5
b5 9. dxc6 bxa4 10. c3 a3 11. b4 Bb6 12. h3 O-O 13. Bxa3 Qe8 14. O-O Qxc6 15.
Bb2 Bb7 16. Re1 Rae8 17. Qe2 f5 18. c4 e4 19. Nh4 Re6 20. d4 Rh6 21. d5 Qa4 22.
Qd2 e3 23. Rxe3 Bxe3 24. Qxe3 Qd7 25. Qd4 c6 26. Nf3 cxd5 27. cxd5 Rg6 28. Rd1
Re8 29. Qb6 Qb5 30. Qxb5 axb5 31. Nh4 Rg5 32. Nf3 Rh5 33. Nd4 f4 34. Nxb5 Rxd5
35. Rxd5 Bxd5 36. Nxd6 Re1+ 37. Kh2 Re2 38. Bd4 Rd2 39. Bc5 Rxa2 40. h4 h6 41.
Bd4 Rd2 42. Bc5 Kh7 43. Nf5 Kg6 44. Ne7+ Kh5 45. Nxd5 Rxd5 46. Kh3 Rd3+ 47. g3
g5 48. hxg5 hxg5 49. Be7 g4+ 50. Kg2 f3+ 51. Kh2 Rb3 52. Bd6 Kg6 53. Bc5 Kf5 54.
Bd6 Ke4 55. Bc5 Kd5 56. Be7 Kc4 57. Bd6 Rxb4 58. Bxb4 Kxb4 59. Kg1 Kc3 60. Kf1
Kd2 61. Kg1 Ke1 62. Kh1 Kxf2 63. Kh2 Ke2 0-1

[Event "Online Olym Top DivA 2021"]
[Site "chess.com INT"]
[Date "2021.09.08"]
[Round "1.5"]
[Board "4"]
[White "Sihite, Chelsie Monica Ignesias"]
[Black "Batchimeg, Tuvshintugs"]
[Result "1-0"]
[WhiteTitle "WIM"]
[BlackTitle "IM"]
[WhiteElo "2252"]
[BlackElo "2355"]
[WhiteTeam "Indonesia"]
[BlackTeam "Mongolia"]
[WhiteFideId "7101198"]
[BlackFideId "4900839"]
[EventDate "2021.09.08"]
[EventType "team"]

1. c4 e6 2. g3 d5 3. Bg2 c6 4. cxd5 exd5 5. Nf3 Nf6 6. O-O Bd6 7. d3 O-O 8. Nc3
Re8 9. Re1 Bg4 10. e4 dxe4 11. dxe4 Bc7 12. Qc2 Nbd7 13. Be3 Bxf3 14. Bxf3 Ne5
15. Bg2 Neg4 16. Bc5 Bb6 17. Na4 Bxc5 18. Nxc5 Qb6 19. Rad1 Rad8 20. h3 Ne5 21.
Kh1 Nfd7 22. Na4 Qc7 23. f4 Ng6 24. b4 h5 25. h4 Nxh4 26. Bh3 Ng6 27. e5 h4 28.
e6 Ndf8 29. Rxd8 Rxd8 30. Nc5 hxg3 31. f5 Ne5 32. exf7+ Nxf7 33. Ne6 Qe7 34. Qc3
Rd5 35. Qxg7# 1-0

[Event "Online Olym Top DivA 2021"]
[Site "chess.com INT"]
[Date "2021.09.08"]
[Round "1.5"]
[Board "5"]
[White "Gan-Erdene, Sugar"]
[Black "Tarigan, Gilbert Elroy"]
[Result "1/2-1/2"]
[WhiteTitle "IM"]
[BlackTitle "IM"]
[WhiteElo "2419"]
[BlackElo "2149"]
[WhiteTeam "Mongolia"]
[BlackTeam "Indonesia"]
[WhiteFideId "4902980"]
[BlackFideId "7108133"]
[EventDate "2021.09.08"]
[EventType "team"]

1. e4 c6 2. Nc3 d5 3. Nf3 Bg4 4. Be2 dxe4 5. Nxe4 Nd7 6. O-O Ngf6 7. Nxf6+ Nxf6
8. d4 e6 9. h3 Bh5 10. b3 Bd6 11. Bb2 O-O 12. c4 Qe7 13. a3 Rfd8 14. Qc2 Bg6 15.
Qc1 Qc7 16. Rd1 Rab8 17. Qc3 Ne4 18. Qe1 c5 19. Bd3 Nf6 20. Bxg6 hxg6 21. d5
exd5 22. Bxf6 gxf6 23. Rxd5 Bf8 24. Rad1 Rxd5 25. Rxd5 Rd8 26. Qd2 Rxd5 27. Qxd5
Kg7 28. Qd3 Bd6 29. Nd2 Be5 30. Nf3 Bd6 31. Nd2 Be5 32. Nf3 Bd6 1/2-1/2

[Event "Online Olym Top DivA 2021"]
[Site "chess.com INT"]
[Date "2021.09.08"]
[Round "1.5"]
[Board "6"]
[White "Latifah, Laysa"]
[Black "Munkhzul, Davaakhuu"]
[Result "1-0"]
[BlackTitle "WFM"]
[WhiteElo "1897"]
[BlackElo "1991"]
[WhiteTeam "Indonesia"]
[BlackTeam "Mongolia"]
[WhiteFideId "7111541"]
[BlackFideId "4902815"]
[EventDate "2021.09.08"]
[EventType "team"]

1. e4 e5 2. Nf3 Nc6 3. Bb5 a6 4. Ba4 Nf6 5. O-O Be7 6. Re1 b5 7. Bb3 d6 8. c3
O-O 9. h3 Nb8 10. d4 Nbd7 11. Nbd2 Bb7 12. Bc2 Re8 13. Nf1 Bf8 14. Ng3 g6 15. a4
c5 16. d5 c4 17. Bg5 h6 18. Be3 Nc5 19. Qd2 Kh7 20. Ra3 Qd7 21. Rea1 Qc7 22. Qd1
Qb6 23. Nd2 Reb8 24. Kh2 a5 25. b4 cxb3 26. Rxb3 b4 27. cxb4 axb4 28. Rab1 Ba6
29. Qf3 Bg7 30. R3b2 Qa5 31. Nb3 Nxb3 32. Bxb3 Rc8 33. Qd1 Rc3 34. Bd2 Rxg3 35.
fxg3 Nxe4 36. Bc2 Nc3 37. Bxc3 bxc3 38. Rb6 Rd8 39. g4 Bc4 40. Be4 Bf8 41. Rc6
Ba6 42. Qc2 Rc8 43. Rbb6 Rxc6 44. Rxc6 Kg7 45. Rxc3 Qd8 46. Rc7 Qf6 47. Qd2 Bf1
48. Qe3 Qd8 49. Ra7 Be7 50. a5 Bb5 51. Rb7 Bc4 52. Qb6 Qxb6 53. axb6 Bg5 54. Rd7
Bf4+ 55. g3 Be3 56. b7 Ba7 57. Rd8 f5 58. gxf5 gxf5 59. Ra8 1-0

[Event "Online Olym Top DivA 2021"]
[Site "chess.com INT"]
[Date "2021.09.08"]
[Round "2.1"]
[Board "1"]
[White "Jumabayev, Rinat"]
[Black "Megaranto, Susanto"]
[Result "0-1"]
[WhiteTitle "GM"]
[BlackTitle "GM"]
[WhiteElo "2651"]
[BlackElo "2548"]
[WhiteTeam "Kazakhstan"]
[BlackTeam "Indonesia"]
[WhiteFideId "13702661"]
[BlackFideId "7101384"]
[EventDate "2021.09.08"]
[EventType "team"]

1. e4 d5 2. exd5 Qxd5 3. Nc3 Qa5 4. d4 c6 5. Nf3 Bf5 6. Bc4 e6 7. O-O Nf6 8. Re1
Bb4 9. Bd2 O-O 10. h3 h6 11. Bb3 Nbd7 12. Qe2 Rfe8 13. Rad1 Rad8 14. a3 Bxc3 15.
Bxc3 Qc7 16. Bd2 c5 17. Ba4 Rf8 18. c4 Bh7 19. Be3 Nb6 20. Bb3 Nbd7 21. Ba2 Rfe8
22. b4 b6 23. Bb3 Be4 24. Ba4 Bxf3 25. gxf3 cxb4 26. axb4 Rf8 27. d5 exd5 28.
cxd5 Qd6 29. Bc6 Qxb4 30. Rd4 Qb3 31. d6 Ne5 32. Ba4 Qe6 33. f4 Ng6 34. Bc2 Qxh3
35. f5 Nh4 36. Rxh4 Qxh4 37. Rd1 Rfe8 38. Qf3 Qg4+ 39. Qxg4 Nxg4 40. Bf4 Re2 41.
Bb1 Rxf2 42. Bg3 Rf3 43. Bh4 Nf6 0-1

[Event "Online Olym Top DivA 2021"]
[Site "chess.com INT"]
[Date "2021.09.08"]
[Round "2.1"]
[Board "2"]
[White "Priasmoro, Novendra"]
[Black "Khusnutdinov, Rustam"]
[Result "1/2-1/2"]
[WhiteTitle "GM"]
[BlackTitle "GM"]
[WhiteElo "2502"]
[BlackElo "2484"]
[WhiteTeam "Indonesia"]
[BlackTeam "Kazakhstan"]
[WhiteFideId "7105029"]
[BlackFideId "13701703"]
[EventDate "2021.09.08"]
[EventType "team"]

1. e4 e5 2. Nf3 Nf6 3. Nxe5 d6 4. Nf3 Nxe4 5. Nc3 Nxc3 6. dxc3 Be7 7. Be3 O-O 8.
Qd2 Nd7 9. O-O-O Nf6 10. Bd3 c5 11. h4 Be6 12. Kb1 Qa5 13. a3 d5 14. Bg5 c4 15.
Bxf6 Bxf6 16. Be2 b5 17. Nd4 Qb6 18. Nxe6 fxe6 19. Bg4 Rad8 20. f4 d4 21. cxd4
Rxd4 22. Qe2 Rxf4 23. Qxe6+ Qxe6 24. Bxe6+ Kh8 25. h5 Re4 26. Bd5 Re5 27. Bf3
Rfe8 28. Rd7 R5e7 29. Rhd1 g6 30. Rxe7 Rxe7 31. h6 Re5 32. Rd7 Bg5 33. Rxa7 Bxh6
34. Rb7 Bd2 35. Bc6 c3 36. Rxb5 Rxb5 37. Bxb5 cxb2 38. Kxb2 Kg7 39. Kb3 Kf6 40.
Kc4 Ke5 41. Kc5 Bc3 42. Bd3 Bd4+ 43. Kc6 Bc3 44. a4 Ke6 45. Kb6 Bd4+ 46. Kb5 Kd6
47. a5 Kc7 48. Kc4 Be3 49. Kd5 Bd2 50. a6 Kb6 51. Ke6 g5 52. g4 Ka7 53. Kf7 h6
54. Kg6 Kb6 55. Kxh6 Ka7 56. Kg6 Kb6 57. Kf5 Ka7 58. Ke6 Kb6 59. Kd7 Be3 60. Kc8
Bd4 61. Kd7 Be3 62. Kd6 Bc5+ 63. Kd5 Bf2 64. Ke6 Bc5 65. Kd7 Be3 1/2-1/2

[Event "Online Olym Top DivA 2021"]
[Site "chess.com INT"]
[Date "2021.09.08"]
[Round "2.1"]
[Board "3"]
[White "Abdumalik, Zhansaya"]
[Black "Sukandar, Irine Kharisma"]
[Result "1/2-1/2"]
[WhiteTitle "GM"]
[BlackTitle "IM"]
[WhiteElo "2502"]
[BlackElo "2406"]
[WhiteTeam "Kazakhstan"]
[BlackTeam "Indonesia"]
[WhiteFideId "13703544"]
[BlackFideId "7101937"]
[EventDate "2021.09.08"]
[EventType "team"]

1. e4 e5 2. Nf3 Nf6 3. Nxe5 d6 4. Nf3 Nxe4 5. Nc3 Nxc3 6. dxc3 Be7 7. Be3 O-O 8.
Qd2 Nc6 9. O-O-O Ne5 10. Be2 c6 11. Kb1 Qa5 12. h4 Be6 13. b3 Nxf3 14. Bxf3 Bf6
15. Bd4 Bxd4 16. cxd4 Qxd2 17. Rxd2 d5 18. a4 Rfe8 19. Re1 Bf5 20. Rde2 Kf8 21.
g4 Bd7 22. c4 dxc4 23. bxc4 Rad8 24. Kb2 Rxe2+ 25. Rxe2 c5 26. dxc5 Bxa4 27. Bd5
Bd7 28. Kc3 b6 29. cxb6 axb6 30. Rb2 Rb8 31. g5 Ke7 32. f4 Be6 33. Be4 Rc8 34.
Bd3 Rc6 35. f5 Bd7 36. Kd4 h6 37. Be4 Rd6+ 38. Ke3 hxg5 39. hxg5 Be8 40. Ra2 Rd1
41. Ra6 Re1+ 42. Kd4 Rd1+ 43. Ke5 f6+ 44. gxf6+ gxf6+ 45. Kf4 Rd6 46. Ra7+ Bd7
47. Ke3 Kd8 48. Ra8+ Ke7 49. Rb8 Be8 50. Bd5 Bd7 51. Ke4 Be8 52. Rb7+ Kd8 53.
Kd4 Bd7 54. Ke4 Kc8 55. Ra7 Kd8 56. Ra8+ Ke7 57. Rh8 Be8 58. Rh7+ Kd8 59. Rh8
Ke7 60. Kd4 Bd7 61. Rh5 Be8 62. Rh7+ Kd8 63. c5 bxc5+ 64. Kxc5 Ra6 65. Be6 Rc6+
66. Kd5 Ra6 67. Rg7 Ra5+ 68. Kd6 Ra6+ 69. Kc5 Ra5+ 70. Kd4 Ra4+ 1/2-1/2

[Event "Online Olym Top DivA 2021"]
[Site "chess.com INT"]
[Date "2021.09.08"]
[Round "2.1"]
[Board "4"]
[White "Sihite, Chelsie Monica Ignesias"]
[Black "Saduakassova, Dinara"]
[Result "0-1"]
[WhiteTitle "WIM"]
[BlackTitle "IM"]
[WhiteElo "2252"]
[BlackElo "2489"]
[WhiteTeam "Indonesia"]
[BlackTeam "Kazakhstan"]
[WhiteFideId "7101198"]
[BlackFideId "13700090"]
[EventDate "2021.09.08"]
[EventType "team"]

1. c4 c5 2. g3 g6 3. Bg2 Bg7 4. Nf3 Nc6 5. O-O e6 6. Nc3 Nge7 7. d3 O-O 8. Bf4
d6 9. Qd2 Nf5 10. g4 Nfd4 11. Nxd4 cxd4 12. Ne4 e5 13. Bh6 Bxg4 14. Bxg7 Kxg7
15. f4 Qe7 16. fxe5 Qxe5 17. Rf6 Bf5 18. Rf1 Ne7 19. Kh1 Rad8 20. Qe1 d5 21.
cxd5 Nxd5 22. R6xf5 gxf5 23. Ng5 Ne3 24. Rg1 Ng4 25. Nf3 Qf6 26. h3 Ne3 27. Nh2
Kh8 28. Bxb7 Rg8 29. Bf3 Qh6 30. Rxg8+ Rxg8 31. Qa5 Qg5 32. Qe1 Rc8 33. h4 Qf4
34. h5 Ng4 35. Nf1 Rc1 36. Qh4 Rxf1+ 37. Kg2 Ne3+ 38. Kh3 Qxh4+ 39. Kxh4 Kg7 40.
Kg5 h6+ 41. Kf4 Kf6 42. b4 Rb1 43. a3 Rb3 44. a4 Rxb4 45. a5 Ra4 46. a6 Rxa6 0-1

[Event "Online Olym Top DivA 2021"]
[Site "chess.com INT"]
[Date "2021.09.08"]
[Round "2.1"]
[Board "5"]
[White "Zhalmakhanov, Ramazan"]
[Black "Tarigan, Gilbert Elroy"]
[Result "1/2-1/2"]
[WhiteTitle "IM"]
[BlackTitle "IM"]
[WhiteElo "2414"]
[BlackElo "2149"]
[WhiteTeam "Kazakhstan"]
[BlackTeam "Indonesia"]
[WhiteFideId "13706357"]
[BlackFideId "7108133"]
[EventDate "2021.09.08"]
[EventType "team"]

1. e4 c6 2. d4 d5 3. exd5 cxd5 4. Bd3 Nc6 5. c3 Nf6 6. h3 g6 7. Nf3 Bf5 8. Bxf5
gxf5 9. Qb3 Qb6 10. Bf4 e6 11. Nbd2 Rg8 12. O-O Ne4 13. Rfe1 Qxb3 14. axb3 Kd7
15. b4 Bd6 16. Bxd6 Kxd6 17. b5 Ne7 18. c4 Nxd2 19. c5+ Kc7 20. Nxd2 a6 21. b6+
Kd7 22. Nf3 Nc6 23. g3 f6 1/2-1/2

[Event "Online Olym Top DivA 2021"]
[Site "chess.com INT"]
[Date "2021.09.08"]
[Round "2.1"]
[Board "6"]
[White "Latifah, Laysa"]
[Black "Assaubayeva, Bibisara"]
[Result "0-1"]
[BlackTitle "IM"]
[WhiteElo "1897"]
[BlackElo "2400"]
[WhiteTeam "Indonesia"]
[BlackTeam "Kazakhstan"]
[WhiteFideId "7111541"]
[BlackFideId "13708694"]
[EventDate "2021.09.08"]
[EventType "team"]

1. e4 c5 2. Nf3 d6 3. d4 cxd4 4. Nxd4 Nf6 5. Nc3 a6 6. Bg5 e6 7. f4 h6 8. Bh4
Qb6 9. Qd2 Qxb2 10. Rb1 Qa3 11. Be2 Nbd7 12. O-O Be7 13. Bf2 Qa5 14. Bf3 Qc7 15.
Rfd1 O-O 16. Kh1 Nc5 17. Qe3 Nfd7 18. Nce2 b5 19. Ng3 Bb7 20. Nb3 Na4 21. Rd2
Ndb6 22. Na5 Nc4 23. Nxc4 Qxc4 24. a3 Rac8 25. h3 Nc3 26. Rb3 d5 27. e5 Bc5 28.
Qe1 Bxf2 29. Qxf2 Qxf4 30. Rd3 Ne4 31. Nxe4 dxe4 32. Rd4 Qxe5 33. Bg4 f5 34. Bd1
Rfd8 35. Rxd8+ Rxd8 36. Bh5 f4 37. Bg4 e3 38. Qe2 Rd2 0-1

[Event "Online Olym Top DivA 2021"]
[Site "chess.com INT"]
[Date "2021.09.08"]
[Round "2.2"]
[Board "1"]
[White "Ding, Liren"]
[Black "Batchuluun, Tsegmed"]
[Result "1-0"]
[WhiteTitle "GM"]
[BlackTitle "GM"]
[WhiteElo "2799"]
[BlackElo "2536"]
[WhiteTeam "China"]
[BlackTeam "Mongolia"]
[WhiteFideId "8603677"]
[BlackFideId "4900847"]
[EventDate "2021.09.08"]
[EventType "team"]

1. c4 Nf6 2. Nf3 e6 3. g3 d5 4. Bg2 dxc4 5. Qa4+ c6 6. Qxc4 b5 7. Qb3 Bb7 8. O-O
Nbd7 9. d4 a6 10. Ne5 Nxe5 11. dxe5 Nd7 12. Nc3 Nxe5 13. Rd1 Qc8 14. Ne4 c5 15.
Qc3 f6 16. Bf4 Ng6 17. Bd6 Bxe4 18. Bxe4 Ra7 19. a4 bxa4 20. Qc2 Kf7 21. Rxa4
Bxd6 22. Rxd6 Rd8 23. Rc6 Qd7 24. Qxc5 Qd1+ 25. Kg2 Qxa4 26. Qxa7+ Ne7 27. Bf3
Qd4 28. Qxd4 Rxd4 29. Rxa6 Rb4 30. Ra2 f5 31. e3 Nc8 32. Bd1 Nd6 33. b3 Ne4 34.
Bc2 Nc5 35. Ra3 g5 36. Kf3 h5 37. Ke2 h4 38. Kd2 Rb7 39. Kc3 1-0

[Event "Online Olym Top DivA 2021"]
[Site "chess.com INT"]
[Date "2021.09.08"]
[Round "2.2"]
[Board "2"]
[White "Nasanjargal, Urtnasan"]
[Black "Bu, Xiangzhi"]
[Result "0-1"]
[WhiteTitle "GM"]
[BlackTitle "GM"]
[WhiteElo "2460"]
[BlackElo "2705"]
[WhiteTeam "Mongolia"]
[BlackTeam "China"]
[WhiteFideId "4900774"]
[BlackFideId "8601445"]
[EventDate "2021.09.08"]
[EventType "team"]

1. d4 Nf6 2. c4 e6 3. g3 d5 4. Nf3 dxc4 5. Bg2 c5 6. O-O Nc6 7. Qa4 Bd7 8. Qxc4
b5 9. Qd3 c4 10. Qd1 Rc8 11. Bg5 Be7 12. Nc3 b4 13. Bxf6 gxf6 14. Ne4 O-O 15. d5
exd5 16. Qxd5 Be6 17. Qh5 Qd5 18. Qh4 Qf5 19. Rad1 Rfd8 20. e3 Kg7 21. h3 Qg6
22. Qf4 Qh6 23. g4 Qxf4 24. exf4 f5 25. Neg5 Bd7 26. Nh2 Bf6 27. Bd5 Bxg5 28.
fxg5 Ne7 29. Bb7 Rb8 30. Bf3 Be6 0-1